Love is a losing game - Amy Winehouse lyrics - Statistics

General Stats
  • This quiz has been taken 44 times
  • The average score is 83 of 119
Answer Stats
Answer % Correct
I
100%
game
97%
game.
97%
is
97%
losing
97%
love
97%
a
94%
the
84%
you
84%
was
78%
by
75%
flame,
75%
we
75%
And
69%
and
69%
For
69%
never
69%
what
69%
made
66%
now,
66%
oh,
66%
played,
66%
Played
66%
hand
63%
mess
63%
wish
63%
One
59%
Self
59%
were
59%
down
56%
final
56%
fire
56%
as
53%
out
53%
profound
53%
man,
50%
could
47%
More
47%
story
47%
Though
47%
'til
47%
you're
47%
came,
44%
Five
44%
than
44%
at
41%
frame,
41%
frame
41%
my
41%
Over
41%
stand,
41%
gods
38%
Know
38%
laughed
38%
professed,
38%
gambling
34%
Memories
34%
blind,
31%
fate
31%
futile
31%
mind,
31%
resigned
31%
band,
28%
odds
28%
chips
22%
mar
22%
battle
16%
No matching quizzes found
Score Distribution
Percent of People with Each Score
Percentile by Number Answered
Your Score History
You have not taken this quiz